[Event "TCh-CHN 2012"]
[Site "Beijing CHN"]
[Date "2012.10.09"]
[Round "18"]
[White "Wan, Yunguo"]
[Black "Wei, Yi"]
[Result "1/2-1/2"]
[BlackTitle "FM"]
[WhiteElo "2441"]
[BlackElo "2371"]
[WhiteTeam "Hebei Sports Lottery Team"]
[BlackTeam "Jiangsu Taizhou Team"]
[WhiteFideId "8603189"]
[BlackFideId "8603405"]
[EventDate "2012.04.28"]

1. e4 c5 2. Nf3 d6 3. d4 cxd4 4. Nxd4 Nf6 5. Nc3 a6 6. Be3 e5 7. Nb3 Be7 8. h3
Be6 9. Qf3 Nbd7 10. g4 Nb6 11. O-O-O O-O 12. Nc5 Nfd7 13. Nxd7 Nxd7 14. h4 Qa5
15. Kb1 Nc5 16. Nd5 Bxd5 17. Rxd5 Qe1+ 18. Rd1 Qb4 19. c3 Qa4 20. Bxc5 dxc5 21.
b3 Qa3 22. Rd7 Rad8 23. Rxd8 Bxd8 24. Bc4 b5 25. Bd5 c4 26. g5 Kh8 27. Qe3 cxb3
28. axb3 Qd6 29. h5 Bb6 30. Qg3 f5 31. g6 h6 32. f3 b4 33. cxb4 Qxb4 34. Qe1 Qa3
35. Qc1 1/2-1/2

[Event "TCh-CHN 2012"]
[Site "Beijing CHN"]
[Date "2012.10.09"]
[Round "18"]
[White "Guo, Qi"]
[Black "Zhai, Mo"]
[Result "1-0"]
[WhiteTitle "WGM"]
[BlackTitle "WFM"]
[WhiteElo "2351"]
[BlackElo "2262"]
[WhiteTeam "Jiangsu Taizhou Team"]
[BlackTeam "Hebei Sports Lottery Team"]
[WhiteFideId "8604002"]
[BlackFideId "8600201"]
[EventDate "2012.04.28"]

1. d4 Nf6 2. c4 e6 3. Nf3 Bb4+ 4. Bd2 Qe7 5. g3 b6 6. Bg2 Bb7 7. O-O Bxd2 8.
Qxd2 O-O 9. Nc3 d5 10. Ne5 Nbd7 11. Rfd1 Rfd8 12. Nxd7 Rxd7 13. cxd5 Nxd5 14. e4
Nxc3 15. bxc3 Rad8 16. Qb2 c5 17. Rd2 h6 18. Rad1 cxd4 19. cxd4 Rc8 20. d5 Rcd8
21. h4 exd5 22. exd5 Rd6 23. Kh2 Bc8 24. Re2 Qf6 25. Rd4 Ba6 26. Re3 Bb7 27. Qd2
R6d7 28. Rf4 Qg6 29. Rfe4 Qf6 30. Re5 g6 31. h5 g5 32. Re8+ Rxe8 33. Rxe8+ Kg7
34. Qb4 Rd6 35. Rb8 Ba6 36. Qa4 b5 37. Qe4 Rb6 38. Re8 b4 39. f4 gxf4 40. Qxf4
Qxf4 41. gxf4 Bc4 42. Ra8 a6 43. Rd8 Bxa2 44. d6 b3 45. Bd5 Rb5 46. Bc4 Rb7 47.
Bd5 Ra7 48. d7 Kf6 1-0

[Event "TCh-CHN 2012"]
[Site "Beijing CHN"]
[Date "2012.10.09"]
[Round "18"]
[White "Shen, Yang"]
[Black "Wang, Doudou"]
[Result "1-0"]
[WhiteTitle "WGM"]
[WhiteElo "2440"]
[BlackElo "2186"]
[WhiteTeam "Jiangsu Taizhou Team"]
[BlackTeam "Hebei Sports Lottery Team"]
[WhiteFideId "8603162"]
[BlackFideId "8603197"]
[EventDate "2012.04.28"]

1. d4 Nf6 2. c4 g6 3. Nc3 Bg7 4. e4 d6 5. Nf3 O-O 6. Be2 e5 7. O-O Nc6 8. d5 Ne7
9. b4 a5 10. Ba3 Nd7 11. bxa5 Rxa5 12. Bb4 Ra6 13. a4 f5 14. a5 Nf6 15. Nd2 Bh6
16. c5 Bxd2 17. Qxd2 Ra8 18. cxd6 cxd6 19. f4 exf4 20. Qxf4 Nxe4 21. Nxe4 fxe4
22. Qxe4 Nf5 23. Rf3 Bd7 24. Raf1 Qg5 25. Qd3 Rae8 26. Bd2 Qe7 27. R3f2 Qe5 28.
Bc3 Qe3 29. Qxe3 Nxe3 30. Rxf8+ Rxf8 31. Rb1 Bc8 32. Bd4 Nf5 33. Bf2 Re8 34. Bb5
Re7 35. Rc1 Bd7 36. Bd3 Ne3 37. Rc7 Nf5 38. Bxf5 gxf5 39. Rxb7 Rf7 40. Rb8+ Rf8
41. Rb7 Rf7 42. a6 Bc8 43. Rb8 Rc7 44. a7 1-0

[Event "TCh-CHN 2012"]
[Site "Beijing CHN"]
[Date "2012.10.09"]
[Round "18"]
[White "Ma, Qun"]
[Black "Wang, Hao"]
[Result "1-0"]
[BlackTitle "GM"]
[WhiteElo "2481"]
[BlackElo "2733"]
[WhiteTeam "Tianjin Qin Huangdao Team"]
[BlackTeam "Chengdu Bank Team"]
[WhiteFideId "8603154"]
[BlackFideId "8602883"]
[EventDate "2012.04.28"]

1. e4 c5 2. Nf3 Nc6 3. Bb5 e6 4. O-O Nge7 5. Re1 a6 6. Bf1 g6 7. c3 Bg7 8. d4
cxd4 9. cxd4 d5 10. e5 f6 11. exf6 Bxf6 12. b3 Nf5 13. Bb2 O-O 14. Na3 Bg7 15.
Nc2 Qf6 16. Qd2 Bd7 17. Rad1 Rac8 18. Bd3 h6 19. h3 g5 20. Ne5 Nxe5 21. dxe5 Qf7
22. Ne3 Nxe3 23. Rxe3 Bb5 24. Bb1 a5 25. Ba3 Rfd8 26. Qxa5 d4 27. Re4 Bc6 28.
Rexd4 Rxd4 29. Rxd4 Bd5 30. Qe1 Qc7 31. Bd6 Qc1 32. Rd1 Qf4 33. Bd3 h5 34. Qd2
Bxe5 35. Bxe5 Qxe5 36. Bc4 Bxc4 37. bxc4 Rf8 38. Qc2 h4 39. a4 Rf5 40. Rb1 b6
41. Qd2 Kf7 42. Qd7+ Kg6 43. Qc6 Qe2 44. Qxb6 Qxc4 45. Ra1 Re5 46. a5 Qc3 47.
Qb1+ Kf6 48. Qa2 Re2 49. Qb1 Kg7 50. a6 Qd4 51. Kh1 Qxf2 52. Qg1 Ra2 53. Qxf2
Rxa1+ 54. Kh2 Rxa6 55. Qe2 Ra7 56. Qe5+ Kh6 57. Qxe6+ Kh5 58. Kg1 Rg7 59. Kf2
Ra7 60. Qe8+ Kh6 61. Kf3 Rc7 62. Qe5 Rc2 63. Qe4 1-0

[Event "TCh-CHN 2012"]
[Site "Beijing CHN"]
[Date "2012.10.09"]
[Round "18"]
[White "Nie, Xin"]
[Black "Sukandar, Irine Kharisma"]
[Result "0-1"]
[BlackTitle "WGM"]
[WhiteElo "2053"]
[BlackElo "2349"]
[WhiteTeam "Chengdu Bank Team"]
[BlackTeam "Tianjin Qin Huangdao Team"]
[WhiteFideId "8605610"]
[BlackFideId "7101937"]
[EventDate "2012.04.28"]

1. d4 Nf6 2. c4 e6 3. Nc3 Bb4 4. Qc2 c5 5. dxc5 Bxc5 6. Nf3 Qb6 7. e3 Qc7 8. a3
b6 9. b3 Bb7 10. Bb2 a6 11. Bd3 Be7 12. Rd1 Nc6 13. h3 Rc8 14. O-O O-O 15. Ng5
h6 16. Nh7 Nxh7 17. Bxh7+ Kh8 18. f4 f5 19. Bg6 Bf6 20. Qd2 Ne7 21. Bh5 d5 22.
Na4 dxc4 23. bxc4 Rcd8 24. Qb4 Nc6 25. Qe1 Rxd1 26. Bxd1 Na5 27. Qb4 Be7 28.
Qxb6 Qxb6 29. Nxb6 Bc5 30. Bd4 Bxb6 31. Bxb6 Nxc4 32. Bd4 Rc8 33. a4 Kh7 34. Bb3
Bd5 35. Rc1 g5 36. Kf2 Kg6 37. g3 Rc6 38. Rc3 Nd6 39. Rxc6 Ne4+ 40. Ke1 Bxc6 41.
g4 Bd5 42. Bc2 Nd6 43. Bc5 Nb7 44. Bb6 Nd6 45. Bc5 Nc4 0-1